00633nam a2200205Ia 4500003000400000005001700004008004100021020001500062040001800077041000800095082002100103100001600124245006000140250001200200260004400212300002400256650009300280650002300373650003100396OSt20220201144111.0210716s2003 xx 000 0 und d a140390992X cAIMIT LIBRARY aeng a332.17 21bKAUH aKaushal, H. aCase study solutions courses in finance /cBy H Kaushal a1st ed. aNew Delhi:bMacmillan India Ltd,c2003. axv,237p. ;c21.5cm. aCase studies discussions about the solution and case studies for exercise for self study aNumerical problems aCase studies for classroom